Yesu Ba Nazre Luqa. (Record no. 6722)

MARC details
000 -LEADER
fixed length control field 00563nam a2200241 a 4500
020 ## - INTERNATIONAL STANDARD BOOK NUMBER
ISBN
082 00 - DEWEY DECIMAL CLASSIFICATION NUMBER
Classification number 232
Author Cutter AAS
100 ## - MAIN ENTRY--AUTHOR NAME
Author name Aasi, Imanuel
245 ## - TITLE STATEMENT
Title Yesu Ba Nazre Luqa.
260 ## - PUBLICATION, DISTRIBUTION, ETC. (IMPRINT)
Place of publication Pakistan
Name of publisher Catholic Idara Adabiyat
Year of publication 1983
300 ## - PHYSICAL DESCRIPTION
Number of Pages 100p
500 ## - GENERAL NOTE
General note includes index and biblioraphy
505 2# - FORMATTED CONTENTS NOTE
Formatted contents note Index
650 ## - SUBJECT ADDED ENTRY--TOPICAL TERM
Topical Term Jesus Christ
942 ## - ADDED ENTRY ELEMENTS (KOHA)
Koha item type Books
700 1# -
-- Aasi, Imanuel
Holdings
Collection code Home library Current library Date acquired Cost, normal purchase price Full call number Accession Number Koha item type
  Henry Martyn Institute Library Henry Martyn Institute Library 06/15/2007 100.00 232 AAS 011138 Books
                   Copyright © 2026 | Henry Martyn Institute | Hyderabad | TS-500052 | INDIA | Implemented by hmi.edu.in
Hit-Count:

Powered by Koha